Předností grafických výstupů je přehlednost a srozumitelnost

Analýza štatistických nástrojov. Kontingenčné tabulky. Prípadové štúdie: image značiek spodného prádla, spokojnosť s DVD prehrávačom Key drivers analysis. Switching forces analysis.

Salvato in:
Dettagli Bibliografici
Autore principale: Vysekalová, Jitka
Altri autori: Herzmann, Jan
Natura: Capitolo di libro
Lingua:ceco
Soggetti:
Tags: Aggiungi Tag
Nessun Tag, puoi essere il primo ad aggiungerne!!

MARC

LEADER 00000naa$a2200000$$$4500
001 0056227
005 20231018130455.4
041 0 |a cze 
044 |a CZ 
245 1 0 |a Předností grafických výstupů je přehlednost a srozumitelnost  |c Jitka Vysekalová, Jan Herzmann 
520 |a Analýza štatistických nástrojov. Kontingenčné tabulky. Prípadové štúdie: image značiek spodného prádla, spokojnosť s DVD prehrávačom Key drivers analysis. Switching forces analysis. 
610 2 0 |a značky výrobkov 
610 2 0 |a tovar 
610 2 0 |a analýza štatistická 
610 2 0 |a manažéri 
610 2 0 |a prieskum spotrebiteľský 
100 1 |a Vysekalová, Jitka 
700 1 |a Herzmann, Jan